000 01180nam a2200325 a 4500
001 000111231
003 CHAP
005 20220329144203.0
008 150121s2014 mx a fsm |||||||spa d
010 _a107693
011 _a108665
040 _cCHAP
090 _aTesis
100 1 _aGarcía López, Marín
_9129067
245 1 0 _aIdentificación morfológica de la cenicilla en avena (Avena sativa L.) en Valles Altos de México
_h[En línea]
_cpor Marín García López.
260 _aChapingo, Méx. :
_bEl autor,
_c2014.
500 _aPara ver el contenido del material haga clic en la liga
502 _aTesis (Ing. Agr. Esp. en Parasitología Agrícola) -- UACH. Departamento de Parasitología Agrícola
590 _aE11695DGD
_b10
_c20150123
_lUCH01
_h1121
590 _aE6096MTM
_b05
_c20150121
_lUCH01
_h1043
590 _aE6096MTM
_b05
_c20150121
_lUCH01
_h1050
650 1 4 _aAvena
_xEnfermedades.
_98517
650 1 4 _aAvena
_xEnfermedades.
_98517
650 1 4 _aAvena
_xValles Altos
_zMéxico.
_98550
650 1 4 _aCenicilla.
_920964
856 _aFinding aid
_uhttp://10.13.5.2/tesis/sist111231.pdf
_zTeclea aquí
901 _aBK
942 _cTESIS
942 _n0
999 _c107693
_d107693